00984nam a2200289Ia 450000500170000000800410001702000180005810000310007624500920010725000280019930000240022749000140025165000370026565000410030265000330034365000390037665000470041570000370046294200150049926400300051433600270054433700330057133800280060404000350063208400120066799900150067920220317001313.0161108s1999 sp g 000 0 spa  a97884339662231 aBaricco, Alessandrod1958-10aNovecentobun monólogocAlessandro Baricco ; traducción de Xavier González Rovira aDécimosexta edición a81 páginasc21 cm aCompactos142LEMBaNovela italiana ySiglo XX142LEMBaLiteratura italiana ySiglo XX14aMonólogos italianos 2LEMB142LEMB aPianistas en la literatura 142LEMBaViajes marítimos en la literatura 1 aGonzález Rovira, Xavier969111 2loccBKLIT aBarcelonabAnagramac1999 atextobtxt2rdacontent asin mediaciónbn2rdamedia avolumenbnc2rdacarrier aCO-BoRNBPbspaerdacCO-BoRNBP aN BAR12 c6558d6558